Countries Most Similar To Slovakia - Statistics

General Stats
  • This quiz has been taken 180 times
  • The average score is 15 of 20
Answer Stats
Rank Country Score % Correct
1 Czechia 87.4
96%
3 Poland 81.7
95%
4 Croatia 81.2
93%
2 Slovenia 82.5
93%
8 Austria 78.5
92%
5 Hungary 81.1
91%
17 Germany 74.6
87%
6 Serbia 79.6
87%
20 Ukraine 73.6
86%
9 Romania 77.2
79%
15 Bosnia and Herzegovina 74.7
76%
7 Bulgaria 78.6
76%
16 Italy 74.7
65%
11 Latvia 75.9
65%
13 Montenegro 74.9
65%
10 Lithuania 76.9
63%
12 France 75.8
60%
18 North Macedonia 74.4
58%
19 Belgium 74
40%
14 Luxembourg 74.8
28%
No matching quizzes found
Score Distribution
Percent of People with Each Score
Percentile by Number Answered
Your Score History
You have not taken this quiz